000 00297nam a2200109Ia 4500
008 171211s9999 xx 000 0 und d
245 _aCapture: Digital Photography Essentials
245 _cGlenn Rand
260 _c2011
650 _xcinema
856 _uhttp://down.ebook777.com/063/1933952725.pdf
999 _c348745
_d348745